• 首页
  • 本馆介绍
  • 公告通知
  • 最新文献
  • 馆藏检索
  • 电子资源
  • 读者导购
  • 参考咨询
  • 我的图书馆
  • 登录
  • 详细信息显示
  • 放入我的书架
  • 预约/预借图书
  • 作者相关作品
  • 分类相关作品
  • 丛书相关作品
  • 出版社相关作品

书目信息

  • 表格格式
  • 工作单格式
  • 卡片格式
题名:
中国共产党统一战线史
    
 
作者: 胡之信 主编
分册:  
出版信息: 北京   华夏出版社  1988.12
页数: 604页
开本: 19cm
丛书名:
单 册:
中图分类: D23
科图分类:
主题词: 中国共产党--党史
电子资源:
ISBN: 7-80053-259-3
000 00636nam0 2200217 45
001 0189000216
005 20050328095901.1
010    @a7-80053-259-3@b精装@dCNY9.45
020    @aCN@b89000216
100    @a19900806d1988 m y0chiy0120 ea
101 0  @achi
102    @aCN@b110000
105    @ay z 000yy
200 10 @a中国共产党统一战线史@Azhong guo gong chan dang tong yi zhan xian shi@e1921-1987@f胡之信主编@Fhu zhi xin zhu bian
210    @a北京@c华夏出版社@d1988.12
215    @a604页@d19cm
606 0  @a中国共产党@x党史
690    @aD23@v3
701  0 @a胡之信@4主编
801  0 @aCN@bNLC@c19900806
905    @f1@b220944@dD23@e101
    
    中国共产党统一战线史:1921-1987/胡之信主编.-北京:华夏出版社,1988.12
    604页;19cm
    
    
    ISBN 7-80053-259-3(精装):CNY9.45
    
●
相关链接 在E读中查询图书 在五车中查询图书 在当当中查询图书 在豆瓣中查询图书


正题名:中国共产党统一战线史     索取号:D23/101         预约/预借

序号 登录号 条形码 馆藏地/架位号 状态 备注
1 0220944   002031713   第一借阅区/ [索取号:D23/101] 在馆    
2 0220945   001580774   第一样本阅览室/ [索取号:D23/101] 在馆    
唐山师范学院图书馆 欢迎您!
大连网信软件有限公司© 版权所有